[Event "IRI-ch U18"]
[Site "Chess.com INT"]
[Date "2021.01.26"]
[Round "7"]
[White "Hosseini, Seyyed Hashem"]
[Black "Borji, Parham"]
[Result "0-1"]
[WhiteElo "1253"]
[BlackElo "1661"]
[PlyCount "72"]
[EventDate "2021.01.26"]
[EventType "swiss"]
[EventRounds "9"]
[EventCountry "IRI"]
[SourceTitle "CBM 200 Extra"]
[Source "ChessBase"]
[SourceDate "2021.03.31"]
[SourceVersion "1"]
[SourceVersionDate "2021.03.31"]
[SourceQuality "1"]

1. e4 e5 2. Nf3 Nc6 3. Bb5 Nf6 4. 0-0 d6 5. Re1 Be7 6. h3 0-0 7. c3 a6 8. Ba4 b5 9. Bc2 Na5 10. d4 exd4 11. cxd4 c5 12. dxc5 dxc5 13. e5 Nd5 14. Nbd2 Nb4 15. Be4 Bb7 16. a3 Nd3 17. Bxb7 Nxb7 18. Re3 c4 19. Ne1 Nbc5 20. Nxd3 Nxd3 21. b3 Bc5 22. Rf3 Nxf2 23. Rxf2 Bxf2+ 24. Kxf2 Qd4+ 25. Kf1 Qxa1 26. bxc4 Rad8 27. Qc2 Qxe5 28. cxb5 Rfe8 29. Nf3 Qxb5+ 30. Kg1 Rc8 31. Qd2 Qb1 32. Kh2 Qxc1 33. Qd7 Qf4+ 34. Kh1 Rc1+ 35. Ng1 Rxg1+ 36. Kxg1 Re1# 0-1